000
00322nam a22001457a 4500
003
SGT
082
_a
616.92
_b
P12P
100
_a
PRINCE, DEBRA L.
245
_a
PEDIATRIC NURSING AN INTRODUCTORY TEXT
250
_a
11TH
260
_a
LOUIS
_b
ELSEVIER
_c
2012
300
_a
536
650
_a
PEDIATRIC
942
_2
ddc
_c
BK
999
_c
10979
_d
10979